| 000 | 00813nam a2200253 i 4500 | ||
|---|---|---|---|
| 001 | 000039105 | ||
| 003 | DO-SdBNP | ||
| 005 | 20250630142448.0 | ||
| 007 | ta | ||
| 008 | 130521s2007 dr 000 0 spa d | ||
| 040 |
_aDO-SdBNP _bspa _cBNPHU _erda |
||
| 041 | _aspa | ||
| 082 | 4 |
_axxx _bM516tr _222 |
|
| 100 | 1 |
_aMejía García, Isidra _eautor _4aut. _965316 |
|
| 245 | 1 | 0 |
_aTrabajemos poesías / _cIsidra Mejía García. |
| 264 | 4 |
_aSanto Domingo, República Dominicana : _bDelfos Editores, _c©2007. |
|
| 300 |
_a113 páginas ; _c20 cm. |
||
| 336 |
_atexto _btxt _2rdacontent |
||
| 337 |
_asin mediación _bn _2rdamedia |
||
| 338 |
_avolumen _bnc _2rdacarrier |
||
| 500 | _aIncluye datos biográficos de la autora en la contracubierta | ||
| 500 | _aIncluye notas al pie de las páginas | ||
| 942 |
_2ddc _cLBS1 |
||
| 999 |
_c38595 _d38595 |
||